[Event "14th EUR-ch"]
[Site "Legnica POL"]
[Date "2013.05.16"]
[Round "11"]
[White "Durarbayli, Vasif"]
[Black "Anton, Teodor"]
[Result "1/2-1/2"]
[WhiteElo "2597"]
[BlackElo "2441"]
[EventDate "2013.05.05"]
[PlyCount "126"]

1.Nf3 c5 2.g3 b6 3.Bg2 Bb7 4.O-O Nf6 5.c4 e6 6.Nc3 Be7 7.d4 cxd4 8.Qxd4 d6
9.Bg5 a6 10.Bxf6 Bxf6 11.Qf4 O-O 12.Rad1 Be7 13.Ne4 Bxe4 14.Qxe4 Ra7 15.
Nd4 Re8 16.Rd2 Rd7 17.Qb1 Qc8 18.b3 Rc7 19.a4 Rc5 20.Qa2 Nd7 21.Rfd1 Nf6 
22.Rc2 d5 23.cxd5 Nxd5 24.Bxd5 exd5 25.Rcd2 Bf6 26.e3 Qg4 27.Qb1 h5 28.Qf5
Qxf5 29.Nxf5 Rc3 30.Rb1 g6 31.Nd4 Bxd4 32.Rxd4 Re4 33.Rxd5 Rb4 34.Rd8+ Kg7
35.Rb8 a5 36.Rd1 Rbxb3 37.Rd6 Rc2 38.Rbxb6 Rxb6 39.Rxb6 Rc4 40.Ra6 Rxa4 
41.Kg2 Ra2 42.Kf3 f5 43.h3 a4 44.g4 hxg4+ 45.hxg4 fxg4+ 46.Kg3 a3 47.Ra4 
Kf6 48.Rf4+ Ke5 49.Rxg4 Ra1 50.Kf3 a2 51.Rg5+ Kf6 52.Ra5 g5 53.Ke4 g4 54.
Ra8 Ke6 55.Ra6+ Kd7 56.Ke5 Kc7 57.e4 Kb7 58.Ra3 Kb6 59.Ke6 Kc5 60.e5 Kb4 
61.Ra8 Kb3 62.Rb8+ Kc4 63.Ra8 Kb3 1/2-1/2

[Event "14th EUR-ch"]
[Site "Legnica POL"]
[Date "2013.05.16"]
[Round "11"]
[White "Drozdowski, Kacper"]
[Black "Parligras, Mircea"]
[Result "0-1"]
[WhiteElo "2435"]
[BlackElo "2570"]
[EventDate "2013.05.05"]
[PlyCount "118"]

1.c4 Nf6 2.Nc3 c5 3.Nf3 Nc6 4.d4 cxd4 5.Nxd4 e6 6.e3 d5 7.cxd5 exd5 8.Be2 
Bd6 9.O-O O-O 10.Re1 Re8 11.Nxc6 bxc6 12.b3 h5 13.h3 Qe7 14.Bd2 h4 15.f4 
Bf5 16.Bf3 Rad8 17.Qe2 Ba3 18.Rf1 Bc5 19.Na4 Bxe3+ 20.Qxe3 Qxe3+ 21.Bxe3 
Rxe3 22.Rac1 Rd6 23.Rfd1 Be4 24.Kf2 Bxf3 25.gxf3 Re7 26.Rd4 Nh5 27.f5 Re5 
28.Rxh4 Rxf5 29.Re1 Re6 30.Rb4 Rxe1 31.Kxe1 Rxf3 32.Rb8+ Kh7 33.Rb7 f5 34.
Rxa7 Rxh3 35.Nc5 Nf4 36.a4 Nd3+ 37.Nxd3 Rxd3 38.Rb7 Rh3 39.Rb6 c5 40.Rb5 
Kg6 41.a5 d4 42.Kd2 Kg5 43.Kc2 c4 44.a6 Rh2+ 45.Kb1 cxb3 46.Rxb3 Rh8 47.
Rg3+ Kf6 48.Kc2 g5 49.Ra3 Ke5 50.a7 Ra8 51.Kd3 g4 52.Ke2 Ke4 53.Ra6 g3 54.
Re6+ Kf4 55.Re7 d3+ 56.Kf1 d2 57.Ke2 g2 58.Rg7 Rxa7 59.Rxg2 d1=Q+ 0-1

[Event "14th EUR-ch"]
[Site "Legnica POL"]
[Date "2013.05.16"]
[Round "11"]
[White "Meribanov, Vitaly"]
[Black "Grandelius, Nils"]
[Result "1-0"]
[WhiteElo "2431"]
[BlackElo "2556"]
[EventDate "2013.05.05"]
[PlyCount "81"]

1.e4 c5 2.Ne2 e6 3.Nbc3 a6 4.d4 cxd4 5.Nxd4 b5 6.Bd3 Qb6 7.Nf3 Qc7 8.O-O 
Bb7 9.Re1 Be7 10.e5 f5 11.Nh4 g6 12.Nf3 Nc6 13.a4 b4 14.Nb1 Nd8 15.Nbd2 
Nf7 16.a5 Bc5 17.Nb3 Ne7 18.Nxc5 Qxc5 19.Be3 Qc6 20.Bf1 Nd5 21.c3 bxc3 22.
bxc3 Qxc3 23.Qb1 Qc7 24.Rc1 Bc6 25.Bb6 Nxb6 26.axb6 Qb8 27.Nd4 Nxe5 28.
Bxa6 Qd6 29.Nxc6 dxc6 30.Rd1 Qe7 31.Qb2 Qf6 32.b7 Rb8 33.Rab1 O-O 34.Rd6 
f4 35.Qb3 Rfe8 36.f3 Kg7 37.Re1 Rbd8 38.Rxd8 Qxd8 39.Qb2 Kh6 40.Qxe5 Qb6+ 
41.Kh1 1-0

[Event "14th EUR-ch"]
[Site "Legnica POL"]
[Date "2013.05.16"]
[Round "11"]
[White "Kanter, Eduard"]
[Black "Gritsak, Orest"]
[Result "1/2-1/2"]
[WhiteElo "2418"]
[BlackElo "2549"]
[EventDate "2013.05.05"]
[PlyCount "60"]

1.d4 Nf6 2.c4 e6 3.Nf3 b6 4.g3 Ba6 5.Qa4 Bb7 6.Bg2 c5 7.dxc5 Bxc5 8.O-O 
Be7 9.Nc3 Na6 10.Rd1 Nc5 11.Qc2 Nce4 12.Nxe4 Bxe4 13.Qa4 Bc6 14.Qb3 Qc8 
15.Ne5 Bxg2 16.Kxg2 Qb7+ 17.Qf3 Qxf3+ 18.Kxf3 Rc8 19.b3 d6 20.Nd3 d5 21.
cxd5 Nxd5 22.Bb2 f6 23.Rac1 Rxc1 24.Rxc1 Kd7 25.e4 Nc7 26.Rd1 Kc6 27.Rc1+ 
Kd7 28.Rd1 Kc6 29.Rc1+ Kd7 30.Rd1 Kc6 1/2-1/2

[Event "14th EUR-ch"]
[Site "Legnica POL"]
[Date "2013.05.16"]
[Round "11"]
[White "Caprio, Guido"]
[Black "Sanikidze, Tornike"]
[Result "1/2-1/2"]
[WhiteElo "2413"]
[BlackElo "2549"]
[EventDate "2013.05.05"]
[PlyCount "77"]

1.d4 d5 2.c4 e6 3.Nc3 Bb4 4.a3 Bxc3+ 5.bxc3 c5 6.cxd5 exd5 7.e3 Ne7 8.Bd3 
O-O 9.Ne2 Bf5 10.O-O Nbc6 11.Bxf5 Nxf5 12.dxc5 Rc8 13.Nd4 Nce7 14.Rb1 Qd7 
15.Nxf5 Nxf5 16.c4 Rxc5 17.e4 Nd6 18.Be3 Rxc4 19.Qxd5 Qc6 20.Qxc6 Rxc6 21.
Bxa7 Ra8 22.e5 Rxa7 23.exd6 Rxd6 24.Rfd1 Rxd1+ 25.Rxd1 g6 26.Rd3 b5 27.g3 
Kf8 28.Rd5 Rxa3 29.Rxb5 Kg7 30.Kg2 Rc3 31.h4 h5 32.Rg5 Ra3 33.Re5 Rc3 34.
Rg5 Ra3 35.Rd5 Rb3 36.Rg5 Rc3 37.Rd5 Ra3 38.Rg5 Rc3 39.Rd5 1/2-1/2

[Event "14th EUR-ch"]
[Site "Legnica POL"]
[Date "2013.05.16"]
[Round "11"]
[White "Rzayev, Bahruz"]
[Black "Dvirnyy, Danyyil"]
[Result "1/2-1/2"]
[WhiteElo "2411"]
[BlackElo "2541"]
[EventDate "2013.05.05"]
[PlyCount "28"]

1.Nf3 Nf6 2.g3 d5 3.Bg2 Bg4 4.O-O Nbd7 5.c4 c6 6.d4 e6 7.b3 Bd6 8.Bb2 Bxf3
9.Bxf3 Qe7 10.Nd2 Ba3 11.Bc3 Bb4 12.Bb2 Ba3 13.Bc3 Bb4 14.Bb2 Ba3 1/2-1/2

[Event "14th EUR-ch"]
[Site "Legnica POL"]
[Date "2013.05.16"]
[Round "11"]
[White "Pap, Gyula"]
[Black "Hnydiuk, Aleksander"]
[Result "1-0"]
[WhiteElo "2539"]
[BlackElo "2409"]
[EventDate "2013.05.05"]
[PlyCount "65"]

1.d4 d5 2.c4 c6 3.cxd5 cxd5 4.Bf4 Nc6 5.e3 Nf6 6.Nc3 a6 7.Bd3 Bg4 8.Nge2 
e6 9.O-O Be7 10.Rc1 O-O 11.Na4 Nd7 12.Qb3 Rc8 13.Qxb7 Nb4 14.Rxc8 Qxc8 15.
Qxc8 Rxc8 16.Nc1 Rxc1 17.Rxc1 Nxd3 18.Rc8+ Nf8 19.Re8 Bb4 20.a3 e5 21.axb4
exf4 22.Rb8 fxe3 23.fxe3 Bd7 24.Nc3 Be6 25.b5 axb5 26.Rxb5 g6 27.Kf1 Nd7 
28.Ke2 Bf5 29.Nxd5 Kg7 30.Nc3 Nf6 31.h3 h5 32.Rxf5 Nc1+ 33.Kd1 1-0

[Event "14th EUR-ch"]
[Site "Legnica POL"]
[Date "2013.05.16"]
[Round "11"]
[White "Butkiewicz, Lukasz"]
[Black "Petr, Martin"]
[Result "1/2-1/2"]
[WhiteElo "2410"]
[BlackElo "2523"]
[EventDate "2013.05.05"]
[PlyCount "81"]

1.e4 e6 2.d4 d5 3.Nd2 dxe4 4.Nxe4 Nd7 5.Nf3 Ngf6 6.Nxf6+ Nxf6 7.Bd3 c5 8.
dxc5 Bxc5 9.O-O O-O 10.Qe2 b6 11.Bg5 Bb7 12.Rad1 Qc7 13.Bxf6 gxf6 14.Be4 
Rfd8 15.c3 Rxd1 16.Rxd1 Bxe4 17.Qxe4 Rd8 18.Rxd8+ Qxd8 19.g3 f5 20.Qf4 Bf8
21.Kg2 h6 22.h4 Kg7 23.Qd4+ Qxd4 24.Nxd4 Bd6 25.f4 Kg6 26.Kf3 a6 27.a4 Kf6
28.Nc6 Kg7 29.b4 Kf8 30.a5 bxa5 31.Nxa5 f6 32.Nc6 Ke8 33.Nd4 Kd7 34.Ke3 h5
35.Kd3 Bc7 36.c4 a5 37.bxa5 Bxa5 38.c5 Be1 39.c6+ Kd6 40.c7 Kxc7 41.Nxe6+ 
1/2-1/2

[Event "14th EUR-ch"]
[Site "Legnica POL"]
[Date "2013.05.16"]
[Round "11"]
[White "Hagen, Andreas Skytte"]
[Black "Ardelean, George-Catalin"]
[Result "1/2-1/2"]
[WhiteElo "2400"]
[BlackElo "2510"]
[EventDate "2013.05.05"]
[PlyCount "210"]

1.e4 c5 2.Nf3 d6 3.d4 cxd4 4.Nxd4 Nf6 5.Nc3 a6 6.Be3 e6 7.f3 b5 8.Qd2 b4 
9.Na4 Nbd7 10.O-O-O Qa5 11.b3 Bb7 12.a3 Qc7 13.axb4 d5 14.Kb1 dxe4 15.b5 
Be7 16.b6 Qc8 17.c4 O-O 18.Be2 Nc5 19.Nxc5 Bxc5 20.Qa5 Nd7 21.Nc2 Bxe3 22.
Nxe3 Qc6 23.Rd4 Rab8 24.Rhd1 Qxb6 25.Qxb6 Nxb6 26.Ka2 Rfc8 27.fxe4 Kf8 28.
Bf3 a5 29.Rd6 Ba6 30.Be2 Ke7 31.R6d4 Rc7 32.Ka3 Nd7 33.Rb1 Ra7 34.Nd1 Nc5 
35.Nc3 Rd7 36.Rxd7+ Kxd7 37.b4 axb4+ 38.Rxb4 Ra8 39.Kb2 Rd8 40.Na4 Kc6 41.
Kc2 e5 42.Nxc5 Kxc5 43.Ra4 Bb7 44.Bd3 Kd4 45.Kd2 Bc6 46.Ra7 Rd7 47.Rxd7+ 
Bxd7 48.c5 Bc6 49.g3 f6 50.Bc2 Bd7 51.Bb1 Bb5 52.Bc2 h6 53.Bb1 Bc6 54.Bc2 
Bb7 55.Bb1 Ba8 56.Bc2 Bc6 57.Bb1 Be8 58.Bc2 Bd7 59.Bb1 Bc6 60.Bc2 Ba8 61.
Bb1 Bb7 62.Bc2 Bc6 63.Bb1 g6 64.Bc2 Bd7 65.Bb1 Kxc5 66.Ke3 Be6 67.Bc2 Kc4 
68.Ba4 Bf7 69.Bc6 Kc3 70.Ba4 Kb4 71.Bd7 Kc3 72.Ba4 Kb2 73.Kd2 Kb1 74.Bd7 
Kb2 75.Ba4 Ba2 76.Be8 g5 77.Bg6 Bb1 78.Bf5 Kb3 79.Be6+ Kb4 80.Bf5 Kc4 81.
Ke3 Bc2 82.Be6+ Kc3 83.Bd7 Bb3 84.Bb5 Kc2 85.Be2 Kc1 86.Bg4 Bd1 87.Bd7 Bh5
88.Ba4 Bf7 89.Ke2 Ba2 90.Ke3 Bb1 91.Bb3 Bc2 92.Bc4 Kd1 93.Be2+ Ke1 94.Bb5 
Bd1 95.Bc4 Bg4 96.Bb5 Bh3 97.Kf3 Bf1 98.Bxf1 Kxf1 99.g4 Kg1 100.Kg3 Kh1 
101.Kh3 Kg1 102.Kg3 Kf1 103.Kf3 Ke1 104.Ke3 Kf1 105.Kf3 Ke1 1/2-1/2

[Event "14th EUR-ch"]
[Site "Legnica POL"]
[Date "2013.05.16"]
[Round "11"]
[White "Airapetian, Yury"]
[Black "Nedilko, Vasyl"]
[Result "1-0"]
[WhiteElo "2498"]
[BlackElo "2396"]
[EventDate "2013.05.05"]
[PlyCount "74"]

1.d4 Nf6 2.c4 g6 3.Nc3 d5 4.e3 Bg7 5.Qa4+ c6 6.cxd5 Nxd5 7.Qb3 O-O 8.Nf3 
Qb6 9.Bc4 Qxb3 10.Bxb3 Nc7 11.e4 Be6 12.Bc2 Bc4 13.Be3 Nd7 14.O-O-O Nb5 
15.Nxb5 Bxb5 16.Rhe1 Nb6 17.b3 Nd7 18.a4 Ba6 19.h4 h6 20.e5 e6 21.Nd2 Rfd8
22.Ne4 Bf8 23.h5 g5 24.f4 g4 25.f5 exf5 26.Ng3 c5 27.Nxf5 cxd4 28.Bxh6 d3 
29.Bxd3 Bxd3 30.Rxd3 Nc5 31.Rxd8 Rxd8 32.Re3 Nd3+ 33.Kb1 Bc5 34.Re4 Nf2 
35.Rc4 Bb6 36.Bg5 Rd1+ 37.Kc2 Kh7 1-0

[Event "14th EUR-ch"]
[Site "Legnica POL"]
[Date "2013.05.16"]
[Round "11"]
[White "Muzychuk, Mariya"]
[Black "Bulmaga, Irina"]
[Result "1-0"]
[WhiteElo "2483"]
[BlackElo "2393"]
[EventDate "2013.05.05"]
[PlyCount "101"]

1.e4 c5 2.Nf3 d6 3.d4 cxd4 4.Nxd4 Nf6 5.Nc3 a6 6.h3 e6 7.g4 Be7 8.g5 Nfd7 
9.h4 Nc6 10.Be3 Qc7 11.h5 Nce5 12.f4 Nc4 13.Bxc4 Qxc4 14.Qf3 O-O 15.O-O-O 
f6 16.g6 h6 17.f5 Ne5 18.Qh3 d5 19.Nxe6 Bxe6 20.Rd4 Bxf5 21.Qxf5 Qc8 22.
Nxd5 Bc5 23.Rd2 Qxf5 24.exf5 Bxe3 25.Nxe3 Rac8 26.Rhd1 Rfe8 27.Nd5 Kf8 28.
Nf4 Ke7 29.Rd6 Rc6 30.Re6+ Rxe6 31.Nxe6 Rg8 32.b3 b6 33.Nc7 Rc8 34.Nd5+ 
Ke8 35.Kb2 b5 36.Nf4 Rc6 37.Ne6 Rxe6 38.fxe6 Ke7 39.Kc3 Kxe6 40.Rd8 Kf5 
41.Ra8 Kg4 42.Rxa6 f5 43.Re6 Nf3 44.Re7 Nh4 45.Rxg7 Kxh5 46.a4 bxa4 47.
bxa4 f4 48.Rf7 Nxg6 49.a5 Kg4 50.a6 Ne5 51.Rg7+ 1-0

[Event "14th EUR-ch"]
[Site "Legnica POL"]
[Date "2013.05.16"]
[Round "11"]
[White "Pavlidis, Antonios"]
[Black "Ernst, Thomas"]
[Result "1-0"]
[WhiteElo "2479"]
[BlackElo "2387"]
[EventDate "2013.05.05"]
[PlyCount "79"]

1.e4 c5 2.Nf3 d6 3.d4 cxd4 4.Nxd4 Nf6 5.Nc3 Nc6 6.Bg5 e6 7.Qd2 a6 8.O-O-O 
h6 9.Nxc6 bxc6 10.Bf4 d5 11.Qe3 Qa5 12.Be2 Bb4 13.Be5 Be7 14.h4 Bb7 15.Rh3
O-O 16.Rg3 Kh8 17.Qf4 Rad8 18.Bc7 Qc5 19.Bxd8 Bxd8 20.e5 Nh7 21.Na4 Qe7 
22.Rb3 Bc8 23.Qb4 Qxb4 24.Rxb4 c5 25.Rb8 Bc7 26.Ra8 c4 27.f4 f6 28.Rf1 Rg8
29.b3 fxe5 30.fxe5 Bxe5 31.Nb6 Bb7 32.Rxg8+ Kxg8 33.Bg4 Nf8 34.Rxf8+ Kxf8 
35.Nd7+ Ke7 36.Nxe5 Kd6 37.Nf7+ Kc5 38.Bxe6 c3 39.Nd8 Ba8 40.Bg4 1-0

[Event "14th EUR-ch"]
[Site "Legnica POL"]
[Date "2013.05.16"]
[Round "11"]
[White "Petenyi, Tamas"]
[Black "Goluch, Piotr"]
[Result "1-0"]
[WhiteElo "2455"]
[BlackElo "2215"]
[EventDate "2013.05.05"]
[PlyCount "119"]

1.e4 c6 2.Nc3 d5 3.Qe2 d4 4.Nd1 Nf6 5.g3 Na6 6.d3 Bg4 7.f3 Bd7 8.Bg2 Qb6 
9.f4 O-O-O 10.Nf3 Bg4 11.O-O e6 12.h3 Bxf3 13.Qxf3 Nd7 14.a3 Nc7 15.Kh1 a5
16.a4 f5 17.b3 Na6 18.Nb2 Qc7 19.Nc4 Bb4 20.Bb2 Nb6 21.Ne5 g6 22.Qf2 Bc5 
23.Rae1 Rhf8 24.exf5 exf5 25.Nf3 Qg7 26.Re5 Nd7 27.Re2 Ndb8 28.Rfe1 Bb4 
29.Bxd4 Bxe1 30.Rxe1 Qg8 31.Be5 Nd7 32.Qa7 Nxe5 33.Nxe5 Nb8 34.Nc4 Rfe8 
35.Nb6+ Kc7 36.Rxe8 Qxe8 37.Qxa5 Na6 38.Nc4+ Kb8 39.Ne5 Rc8 40.b4 Qe7 41.
b5 cxb5 42.axb5 Nb4 43.b6 Na6 44.c4 Qd6 45.Qb5 Nc5 46.Bd5 g5 47.d4 gxf4 
48.gxf4 Qh6 49.dxc5 Qxh3+ 50.Kg1 Rg8+ 51.Bxg8 Qg3+ 52.Kf1 Qxf4+ 53.Kg2 
Qxe5 54.Qa5 Qe4+ 55.Kf2 Kc8 56.Bd5 Qf4+ 57.Ke2 Qg4+ 58.Kd2 Qf4+ 59.Kc2 
Qf2+ 60.Kb3 1-0

[Event "14th EUR-ch"]
[Site "Legnica POL"]
[Date "2013.05.16"]
[Round "11"]
[White "Meier, Georg"]
[Black "Kolosowski, Mateusz"]
[Result "1-0"]
[WhiteElo "2655"]
[BlackElo "2421"]
[EventDate "2013.05.05"]
[PlyCount "59"]

1.Nf3 Nf6 2.c4 g6 3.Nc3 Bg7 4.e4 c5 5.d4 cxd4 6.Nxd4 Nc6 7.Nc2 O-O 8.Be2 
d6 9.O-O Be6 10.Bd2 Nd7 11.Kh1 Nc5 12.f3 a5 13.Be1 f5 14.exf5 Bxf5 15.Ne3 
Be6 16.Bh4 Nd4 17.Ned5 Rf7 18.Re1 Bf5 19.Bf1 Nc6 20.Qd2 Qf8 21.Rad1 h6 22.
Nb5 Rd8 23.Bf2 Ne5 24.Bxc5 dxc5 25.Nxe7+ Rxe7 26.Qxd8 Re8 27.Qxa5 Bd7 28.
Nc7 Rc8 29.Nd5 Bc6 30.Qd2 1-0

[Event "14th EUR-ch"]
[Site "Legnica POL"]
[Date "2013.05.16"]
[Round "11"]
[White "Arngrimsson, Dagur"]
[Black "Macieja, Bartlomiej"]
[Result "0-1"]
[WhiteElo "2390"]
[BlackElo "2600"]
[EventDate "2013.05.05"]
[PlyCount "108"]

1.d4 g6 2.c4 Bg7 3.Nc3 c5 4.d5 Bxc3+ 5.bxc3 f5 6.Bg5 Qa5 7.Qc2 d6 8.h4 h6 
9.Bf4 Nf6 10.Nf3 Ne4 11.Rc1 Nd7 12.Nd2 Ndf6 13.Nxe4 fxe4 14.Qd2 Qa4 15.e3 
Bg4 16.Qb2 O-O-O 17.Rb1 b6 18.Qb3 Qa5 19.Qc2 Kc7 20.Rb5 Qa3 21.Be2 Bxe2 
22.Kxe2 a6 23.Rb2 b5 24.Rhb1 Rb8 25.cxb5 axb5 26.Kf1 g5 27.Bg3 Qa4 28.Qxa4
bxa4 29.Rb5 gxh4 30.Bf4 Rxb5 31.Rxb5 Nd7 32.Ra5 Rb8 33.Rxa4 Nf6 34.Ra7+ 
Kd8 35.Bxh6 Rb1+ 36.Ke2 Nxd5 37.c4 Rb2+ 38.Ke1 Nb4 39.Bg5 Nd3+ 40.Kf1 Rb1+
41.Ke2 Rb2+ 42.Kf1 Rxf2+ 43.Kg1 Rf7 44.Bxh4 Ne5 45.a4 Nxc4 46.Bg5 Ne5 47.
Ra8+ Kc7 48.Ra7+ Kd8 49.Ra8+ Kc7 50.Ra7+ Kc6 51.Rxe7 Rxe7 52.Bxe7 c4 53.
Kf1 c3 54.Ke2 Nc4 0-1

[Event "14th EUR-ch"]
[Site "Legnica POL"]
[Date "2013.05.16"]
[Round "11"]
[White "Maiorov, Nikita"]
[Black "Goumas, Georgios"]
[Result "1/2-1/2"]
[WhiteElo "2535"]
[BlackElo "2410"]
[EventDate "2013.05.05"]
[PlyCount "88"]

1.d4 d5 2.c4 e6 3.Nc3 Be7 4.cxd5 exd5 5.Bf4 Nf6 6.e3 O-O 7.Bd3 c5 8.Nge2 
Nc6 9.dxc5 Bxc5 10.O-O d4 11.exd4 Nxd4 12.Na4 Nxe2+ 13.Bxe2 Nd5 14.Bg3 Be7
15.Bf3 Be6 16.Re1 b5 17.Re5 bxa4 18.Bxd5 Bxd5 19.Rxd5 Qb6 20.Qxa4 Qxb2 21.
Re1 Qb4 22.Qxb4 Bxb4 23.Red1 h6 24.Rb5 Rfd8 25.Rb1 a5 26.Bf4 Rd3 27.Kf1 
Rc8 28.Re5 Rc4 29.g3 Kh7 30.Re2 g5 31.Be3 Kg6 32.Reb2 Kf5 33.Bb6 Rdc3 34.
Kg2 Kg6 35.Rb3 Rc6 36.Be3 g4 37.R3b2 Rc2 38.Bd4 Rxb2 39.Rxb2 Rc4 40.Be5 f6
41.Bf4 Rd4 42.Be3 Rd3 43.Rb3 Rxb3 44.axb3 h5 1/2-1/2

[Event "14th EUR-ch"]
[Site "Legnica POL"]
[Date "2013.05.16"]
[Round "11"]
[White "Vedder, Henk"]
[Black "Holzke, Frank"]
[Result "1/2-1/2"]
[WhiteElo "2368"]
[BlackElo "2499"]
[EventDate "2013.05.05"]
[PlyCount "80"]

1.e4 c5 2.Nf3 d6 3.Nc3 Nf6 4.e5 dxe5 5.Nxe5 a6 6.g3 Nbd7 7.Nc4 b5 8.Bg2 
Rb8 9.Ne3 g6 10.d4 cxd4 11.Qxd4 Bg7 12.a4 Bb7 13.Bxb7 Rxb7 14.axb5 axb5 
15.O-O O-O 16.Rd1 Qc8 17.Ra5 Ne8 18.Qe4 b4 19.Ncd5 Ne5 20.f4 Nd6 21.Nxe7+ 
Rxe7 22.Rxd6 Qc7 23.Nd5 Qxd6 24.Nxe7+ Qxe7 25.fxe5 Rd8 26.Kg2 h5 27.Ra8 
Rxa8 28.Qxa8+ Kh7 29.Bf4 Bxe5 30.Qe4 f6 31.Bxe5 fxe5 32.c4 bxc3 33.bxc3 
Qd6 34.c4 Qd2+ 35.Kg1 Qd1+ 36.Kg2 Qd2+ 37.Kg1 Qd1+ 38.Kg2 Qd2+ 39.Kg1 Qd1+
40.Kg2 Qd2+ 1/2-1/2

[Event "14th EUR-ch"]
[Site "Legnica POL"]
[Date "2013.05.16"]
[Round "11"]
[White "Pasiev, Rakhim"]
[Black "Tratar, Marko"]
[Result "0-1"]
[WhiteElo "2379"]
[BlackElo "2498"]
[EventDate "2013.05.05"]
[PlyCount "100"]

1.e4 e6 2.d4 d5 3.Nc3 Nf6 4.Bg5 Bb4 5.e5 h6 6.Bc1 Ne4 7.Ne2 c5 8.a3 Bxc3+ 
9.bxc3 Qa5 10.f3 Nxc3 11.Qd2 cxd4 12.Nxd4 Qc7 13.Bb2 Na4 14.Nb5 Qd8 15.
Nd6+ Kf8 16.Qb4 Bd7 17.Nxb7+ Qe7 18.Nd6 Nxb2 19.Qxb2 Qg5 20.Bd3 Nc6 21.O-O
Rb8 22.f4 Qxg2+ 23.Kxg2 Rxb2 24.Rab1 Rxb1 25.Rxb1 Ke7 26.c4 dxc4 27.Bxc4 
f6 28.Rb7 fxe5 29.Nf7 Rc8 30.Bb5 exf4 31.Bxc6 Rxc6 32.Ne5 Rd6 33.Rxa7 Rd5 
34.Ng6+ Kf6 35.Nxf4 Rd2+ 36.Kg3 g5 37.Ng2 Bc6 38.Ne3 h5 39.h4 Re2 40.hxg5+
Kxg5 41.Ra5+ Kf6 42.Nf1 Rg2+ 43.Kh3 Rg5 44.Rxg5 Kxg5 45.Ne3 e5 46.Nc4 Bd7+
47.Kg3 h4+ 48.Kf2 Kf4 49.Ne3 Bc6 50.Nf1 e4 0-1

[Event "14th EUR-ch"]
[Site "Legnica POL"]
[Date "2013.05.16"]
[Round "11"]
[White "Kjartansson, Gudmundur"]
[Black "Kantorik, Marian"]
[Result "1-0"]
[WhiteElo "2446"]
[BlackElo "2363"]
[EventDate "2013.05.05"]
[PlyCount "239"]

1.f4 d5 2.Nf3 c6 3.b3 Qc7 4.g3 Bg4 5.Bg2 Nd7 6.Bb2 Bxf3 7.Bxf3 e5 8.e3 Bd6
9.c4 dxc4 10.bxc4 Ngf6 11.Nc3 O-O-O 12.Qc2 exf4 13.gxf4 Bxf4 14.exf4 Qxf4 
15.O-O Ne5 16.Bg2 Rxd2 17.Rxf4 Rxc2 18.Na4 Nd3 19.Bh3+ Kb8 20.Bf5 Rxb2 21.
Bxd3 Rd2 22.Bf1 Re8 23.Rf2 Rxf2 24.Kxf2 Ng4+ 25.Kg3 f5 26.h3 Nf6 27.Kf4 g6
28.Kg5 Ne4+ 29.Kh6 Nd2 30.Kxh7 Re3 31.Kxg6 Nxf1 32.Rxf1 Rxh3 33.Rf2 b6 34.
Rc2 f4 35.Kg5 f3 36.Rf2 b5 37.Nc3 b4 38.Ne4 Kb7 39.Kf4 Kb6 40.Ke3 Ka5 41.
Kd4 Kb6 42.Kd3 a5 43.Nd2 a4 44.Rxf3 Rh1 45.Rf1 Rh3+ 46.Rf3 Rh1 47.Kc2 Rh2 
48.Rg3 Kc5 49.Rg8 Rh3 50.Ra8 Ra3 51.Kb2 Rd3 52.Nb1 Kxc4 53.Rxa4 Rh3 54.
Nd2+ Kb5 55.Ra8 c5 56.Rb8+ Kc6 57.Rc8+ Kb5 58.Ne4 Rh2+ 59.Kb1 Rh1+ 60.Kc2 
Rh2+ 61.Kd3 Rh3+ 62.Kc2 Rh2+ 63.Kd3 Rh3+ 64.Kd2 Rh2+ 65.Ke3 Rxa2 66.Rxc5+ 
Ka4 67.Nd2 Ra3+ 68.Kd4 Rh3 69.Rc8 Rh4+ 70.Kd3 Rh3+ 71.Kd4 Rh4+ 72.Kd5 Rh5+
73.Ke4 Rh4+ 74.Ke3 Rh3+ 75.Ke2 b3 76.Ra8+ Kb4 77.Rb8+ Ka3 78.Nc4+ Ka2 79.
Kd2 Kb1 80.Na3+ Ka2 81.Nb5 Kb2 82.Nd4 Rg3 83.Rh8 Ka2 84.Ra8+ Kb2 85.Rh8 
Ka2 86.Ne2 Rg2 87.Ra8+ Kb2 88.Kd3 Rh2 89.Rg8 Rh3+ 90.Kc4 Rh4+ 91.Nd4 Ka2 
92.Ra8+ Kb2 93.Ra4 Rh3 94.Kb4 Rh4 95.Kb5 Rh5+ 96.Kc4 Rh3 97.Ra8 Rg3 98.Nb5
Rg4+ 99.Nd4 Rg3 100.Rh8 Ka2 101.Ne2 Rf3 102.Nc1+ Kb2 103.Nd3+ Ka2 104.Ra8+
Kb1 105.Rb8 Rh3 106.Rxb3+ Ka1 107.Kc3 Rg3 108.Rb8 Rh3 109.Rg8 Ka2 110.Rg5 
Kb1 111.Rg2 Ka1 112.Kc2 Ka2 113.Rg1 Rh2+ 114.Kc3 Rh3 115.Rf1 Rg3 116.Rh1 
Re3 117.Rg1 Rh3 118.Rg8 Kb1 119.Rf8 Ka1 120.Kc2 1-0

[Event "14th EUR-ch"]
[Site "Legnica POL"]
[Date "2013.05.16"]
[Round "11"]
[White "Svane, Rasmus"]
[Black "Golub, Dan"]
[Result "0-1"]
[WhiteElo "2440"]
[BlackElo "2305"]
[EventDate "2013.05.05"]
[PlyCount "80"]

1.Nf3 Nf6 2.c4 e6 3.g3 b6 4.Bg2 Bb7 5.O-O c5 6.d4 cxd4 7.Qxd4 Bc5 8.Qh4 
Be7 9.Bg5 h6 10.Nc3 Na6 11.Rac1 O-O 12.Bxf6 Bxf6 13.Qf4 Rc8 14.b3 d5 15.
Rfd1 Qe7 16.Nb5 e5 17.Qg4 Rcd8 18.Nh4 Bc8 19.Nf5 Qe6 20.Nxh6+ Kh7 21.Qxe6 
Bxe6 22.cxd5 Bd7 23.Nxf7 Rxf7 24.Nd6 Rff8 25.Ne4 Rc8 26.a3 Rxc1 27.Rxc1 
Rc8 28.Rxc8 Bxc8 29.b4 Bd7 30.Bf3 Nc7 31.Nd6 Kg8 32.e3 Kf8 33.Nc4 Ne8 34.
Bg2 Bb5 35.Nd2 Nd6 36.h4 Ke7 37.e4 g5 38.h5 g4 39.h6 Kf7 40.Nf1 Bg5 0-1

[Event "14th EUR-ch"]
[Site "Legnica POL"]
[Date "2013.05.16"]
[Round "11"]
[White "Perunovic, Miodrag"]
[Black "Huber, Martin Christian"]
[Result "1-0"]
[WhiteElo "2430"]
[BlackElo "2176"]
[EventDate "2013.05.05"]
[PlyCount "73"]

1.d4 Nf6 2.Nf3 g6 3.Bg5 Bg7 4.Nbd2 O-O 5.c3 d5 6.e3 b6 7.Bd3 Bb7 8.O-O c5 
9.Qb1 Nbd7 10.a4 a6 11.b4 c4 12.Bc2 b5 13.Re1 Qc7 14.Bf4 Qc6 15.e4 dxe4 
16.Nxe4 Nd5 17.Qc1 Rfe8 18.Bh6 Bh8 19.Qg5 e5 20.dxe5 Nxe5 21.Nd4 Qb6 22.
Rad1 Rad8 23.Nf5 Bc8 24.a5 Qc7 25.Rxd5 f6 26.Qd2 Bxf5 27.Nd6 Rxd6 28.Rxd6 
Bxc2 29.f4 Qa7+ 30.Rb6 Bd3 31.fxe5 fxe5 32.Qf2 Qa8 33.Re3 Qc8 34.Qg3 Bf5 
35.h4 Re6 36.Rf3 Bg7 37.Rxf5 1-0

[Event "14th EUR-ch"]
[Site "Legnica POL"]
[Date "2013.05.16"]
[Round "11"]
[White "Worek, Joanna"]
[Black "Khaetsky, Roman"]
[Result "1/2-1/2"]
[WhiteElo "2299"]
[BlackElo "2426"]
[EventDate "2013.05.05"]
[PlyCount "107"]

1.d4 f5 2.Nf3 Nf6 3.g3 g6 4.Bg2 Bg7 5.O-O O-O 6.b3 d6 7.Bb2 Qe8 8.c4 c6 9.
Nbd2 h6 10.e3 g5 11.Rc1 a5 12.c5 Ne4 13.Nxe4 fxe4 14.Nd2 d5 15.f3 exf3 16.
Rxf3 Bf5 17.e4 dxe4 18.Rxf5 Rxf5 19.Bxe4 Rf8 20.Bb1 Qf7 21.Qc2 Bf6 22.Rf1 
Qg7 23.Qc4+ Kh8 24.Ne4 Na6 25.Nxf6 exf6 26.d5 Nb4 27.d6 Nd5 28.Qd4 Kg8 29.
Be4 Qf7 30.Qd3 Kg7 31.Qf3 Qe6 32.Bd4 a4 33.Bb1 Qd7 34.Qd3 Kg8 35.Qg6+ Qg7 
36.Qf5 axb3 37.axb3 Rae8 38.Be4 Rxe4 39.Qxe4 Qh7 40.Qxh7+ Kxh7 41.b4 Kg6 
42.Rb1 Kf5 43.b5 Ke4 44.Bf2 Ra8 45.bxc6 bxc6 46.Re1+ Kf3 47.Bd4 Kg4 48.Ra1
Re8 49.Kg2 Kf5 50.Ra6 Ke4 51.Bf2 g4 52.d7 Rd8 53.Rxc6 Rxd7 54.Re6+ 1/2-1/2

[Event "14th EUR-ch"]
[Site "Legnica POL"]
[Date "2013.05.16"]
[Round "11"]
[White "Firat, Burak"]
[Black "Deac, Bogdan-Daniel"]
[Result "1/2-1/2"]
[WhiteElo "2421"]
[BlackElo "2183"]
[EventDate "2013.05.05"]
[PlyCount "110"]

1.e4 e6 2.d4 d5 3.Nc3 Nf6 4.Bg5 Bb4 5.e5 h6 6.Bd2 Bxc3 7.bxc3 Ne4 8.Qg4 
Kf8 9.Bd3 Nxd2 10.Kxd2 c5 11.h4 Nc6 12.Rh3 c4 13.Bf1 Bd7 14.Rf3 Ne7 15.Qf4
Be8 16.h5 b5 17.Ne2 Nc6 18.g4 Qg5 19.Re1 Qxf4+ 20.Nxf4 Ke7 21.Rg3 Rb8 22.
g5 hxg5 23.Rxg5 Rh7 24.Bh3 Nd8 25.Bg2 a5 26.a3 Nc6 27.Bf3 Ra8 28.Rgg1 Bd7 
29.Rb1 b4 30.axb4 axb4 31.Ra1 bxc3+ 32.Kxc3 Rhh8 33.Rxa8 Rxa8 34.Bxd5 exd5
35.Nxd5+ Kf8 36.Nb6 Rd8 37.Nxc4 Be6 38.Nd6 Ne7 39.Kd2 Nf5 40.Nxf5 Bxf5 41.
c3 Be6 42.f4 Kg8 43.Rg5 Kh7 44.Kd3 Rc8 45.f5 Kh6 46.Rg6+ fxg6 47.fxe6 Kg5 
48.Ke4 gxh5 49.d5 h4 50.d6 h3 51.d7 Rh8 52.e7 h2 53.e8=Q h1=Q+ 54.Kd4 Qg1+
55.Kd5 Qg2+ 1/2-1/2

[Event "14th EUR-ch"]
[Site "Legnica POL"]
[Date "2013.05.16"]
[Round "11"]
[White "Simacek, Pavel"]
[Black "Vuilleumier, Alexandre"]
[Result "1/2-1/2"]
[WhiteElo "2498"]
[BlackElo "2319"]
[EventDate "2013.05.05"]
[PlyCount "93"]

1.c4 c5 2.Nf3 Nc6 3.d4 cxd4 4.Nxd4 Nf6 5.Nc3 g6 6.e4 d6 7.Be2 Bg7 8.Be3 
O-O 9.O-O Bd7 10.Qd2 Ng4 11.Bxg4 Bxg4 12.Rac1 Nxd4 13.Bxd4 Qa5 14.Bxg7 
Kxg7 15.f4 Bd7 16.e5 Bc6 17.exd6 Qc5+ 18.Rf2 Rad8 19.Nd5 Qxd6 20.Qd4+ f6 
21.Qxa7 Bxd5 22.cxd5 Qxd5 23.a3 Rd7 24.Qe3 Rfd8 25.Re2 Qf5 26.Ree1 Re8 27.
Rc5 Rd5 28.Rc7 Rd7 29.Qb6 Qd5 30.Qc5 Qxc5+ 31.Rxc5 Kf7 32.Re2 Ra8 33.Kf2 
Ra4 34.g3 Rad4 35.b3 h6 36.h4 Rd3 37.Re3 Rd2+ 38.Kf3 e5 39.a4 Rb2 40.Rec3 
f5 41.Rb5 Rh2 42.Rxe5 Rdd2 43.Re1 Kf6 44.Ke3 Rd6 45.Kf3 Rdd2 46.Ke3 Rd6 
47.Kf3 1/2-1/2

[Event "14th EUR-ch"]
[Site "Legnica POL"]
[Date "2013.05.16"]
[Round "11"]
[White "Wagner, Dennis"]
[Black "Chudinovskikh, Alexander"]
[Result "0-1"]
[WhiteElo "2487"]
[BlackElo "2296"]
[EventDate "2013.05.05"]
[PlyCount "82"]

1.d4 Nf6 2.c4 e6 3.Nf3 c5 4.d5 exd5 5.cxd5 d6 6.Nc3 g6 7.Bf4 a6 8.a4 Bg7 
9.h3 O-O 10.e3 Ne8 11.Be2 Nd7 12.O-O Ne5 13.Bxe5 Bxe5 14.Nxe5 dxe5 15.a5 
Nd6 16.Qb3 Bd7 17.Qa3 Rc8 18.Rac1 Qh4 19.Nb1 Bb5 20.Bxb5 Nxb5 21.Qa2 Rfd8 
22.Nd2 Rc7 23.Rfd1 Nd6 24.Nc4 Qe7 25.Nxd6 Rxd6 26.e4 b5 27.axb6 Rxb6 28.
Rc4 Rcb7 29.Rd2 Qg5 30.Rdc2 Qf4 31.g3 Qf3 32.Qa4 Kg7 33.Qa3 Rb3 34.Qxc5 
Rd3 35.Rc1 Rxb2 36.d6 Rb5 37.Qc7 Rd1+ 38.Rxd1 Qxd1+ 39.Kg2 Rb1 40.g4 Qh1+ 
41.Kg3 g5 0-1